000 00722cam a2200157 4500500
005 20260329012947.0
041 _afre
042 _adc
100 1 0 _aPerrot, Étienne
_eauthor
245 0 0 _aNéo-libéralisme
260 _c2005.
500 _a93
520 _aRésuméLe libéralisme actuel invoque la paternité d’Adam Smith, professeur de philosophie morale et père de la science économique au XVIIIe siècle. La référence, pourtant, manque de rigueur, car le fondement humaniste de ces Lumières écossaises s’est peu à peu dissipé.
786 0 _nÉtudes | 402 | 2 | 2005-02-01 | p. 185-195 | 0014-1941
856 4 1 _uhttps://shs.cairn.info/revue-etudes-2005-2-page-185?lang=fr&redirect-ssocas=7080
999 _c1875935
_d1875935